Pojistný obzor časopis českého pojišťovnictví

Salvato in:
Dettagli Bibliografici
Natura: Periodico
Lingua:ceco
Pubblicazione: Praha Česká asociace pojišťoven
Soggetti:
Tags: Aggiungi Tag
Nessun Tag, puoi essere il primo ad aggiungerne!!

MARC

LEADER 00000nas1a22000001 4500
001 s120012
005 20231108140348.0
022 |a 0032-2393 
022 |a 2464-7381 
041 0 |a cze 
044 |a CZ 
245 1 0 |a Pojistný obzor  |b časopis českého pojišťovnictví 
264 1 |a Praha  |b Česká asociace pojišťoven 
610 2 0 |a poistenie 
610 2 0 |a poisťovníctvo